Central Library OPAC University of Rajshahi

Legal ethics / (Record no. 46475)

MARC details
000 -LEADER
fixed length control field 00894nam a2200301 a 4500
001 - CONTROL NUMBER
control field 46475
003 - CONTROL NUMBER IDENTIFIER
rucl marc code UkOxU
005 - DATE AND TIME OF LATEST TRANSACTION
control field 20211209054145.0
008 - FIXED-LENGTH DATA ELEMENTS--GENERAL INFORMATION
fixed length control field 160802s1944 ii 000 0 eng d
020 ## - INTERNATIONAL STANDARD BOOK NUMBER
International Standard Book Number 0908581696
035 ## - SYSTEM CONTROL NUMBER
System control number (BD-RjUL)46593
040 ## - CATALOGING SOURCE
Original cataloging agency BD-RjUL
Language of cataloging eng
041 ## - LANGUAGE CODE
Language code of text/sound track or separate title eng
082 ## - DEWEY DECIMAL CLASSIFICATION NUMBER
Edition number 23
Classification number 174.3
Author mark and year AIL 1944
100 ## - MAIN ENTRY--PERSONAL NAME
Personal name Aiyer,P.Ramanatha
9 (RLIN) 141836
245 00 - TITLE STATEMENT
Title Legal ethics /
Statement of responsibility, etc. P.Ramanatha Aiyer
260 ## - PUBLICATION, DISTRIBUTION, ETC. (IMPRINT)
Place of publication, distribution, etc. madras :
Name of publisher, distributor, etc. The Madras Law Journal Press,
Date of publication, distribution, etc. 1944
300 ## - PHYSICAL DESCRIPTION
Pagination Various p. ;
Size 25 cm
490 ## - SERIES STATEMENT
Series statement The Advocacy series
504 ## - BIBLIOGRAPHY, ETC. NOTE
Bibliography, etc include index
650 #0 - SUBJECT ADDED ENTRY--TOPICAL TERM
Topical term or geographic name as entry element Legal ethics.
9 (RLIN) 141602
700 1# - ADDED ENTRY--PERSONAL NAME
Personal name Teague, Bernard.
Personal name Rickett, C. E. F.
710 2# - ADDED ENTRY--CORPORATE NAME
Corporate name or jurisdiction name as entry element Legal Research Foundation (University of Auckland)
9 (RLIN) 141839
942 ## - ADDED ENTRY ELEMENTS (KOHA)
Source of classification or shelving scheme Dewey Decimal Classification
Koha item type Books
Holdings
Lost status Source of classification or shelving scheme Damaged status Not for loan Collection code Permanent Location Current Location Shelving location Date acquired Source of acquisition Cost, normal purchase price Total Checkouts Full call number Date last seen Date checked out Copy number Koha item type
  Dewey Decimal Classification     Non-fiction Central Library, University of Rajshahi Central Library, University of Rajshahi   10/04/1956 eastern law house 5.00 1 174.3 AIL 1944 10/03/2024 27/02/2024 C-2 Books